Gospodarze Mistrzostw Świata FIFA według wskazówek - Statystyki

Ogólne statystyki
  • Ten quiz został rozwiązany 67 razy
  • Średni wynik to 13 z 19
Statystyki odpowiedzi
Wskazówka Odpowiedź % Poprawnych
Wygrała najwięcej Mistrzostw Świata na świecie Brazylia
98%
Jest obecnie zbanowana z FIFA Rosja
97%
Pierwsze państwo, które zagospodarowało Mistrzostwa Świata Urugwaj
97%
Najpopularniejsze państwo, które zagospodarowało Mistrzostwa Świata Stany Zjednoczone
86%
Najbardziej aktualny kraj, który wygrał jako gospodarz Francja
85%
Jako gospodarz stała się pierwszym azjatyckim krajem, który dotarł do półfinału Korea Południowa
83%
Zadały Brazylii najbardziej jednostronną porażkę w jej historii Niemcy
83%
Pierwsze afrykańskie państwo, które zagospodarowało Mistrzostwa Świata Republika Południowej Afryki
80%
Była gospodarzem najbardziej wschodniego meczu w historii Mistrzostw Świata. Japonia
68%
Była gospodarzem najbardziej północnego meczu w historii Mistrzostw Świata Szwecja
68%
Trzej Tenorzy dali swój pierwszy występ, gdy ten kraj był gospodarzem w 1990 roku. Włochy
64%
Maple the Moose będzie jego maskotką Kanada
61%
Była rządzona przez juntę wojskową, gdy była gospodarzem i zwycięzcą Argentyna
59%
Najmniejszy i najmniej zaludniony gospodarz Mistrzostw Świata Katar
58%
Jedyny gospodarz trzykrotny Meksyk
58%
Jedyne państwo śródlądowe, które zagospodarowało Mistrzostwa Świata Szwajcaria
54%
Doświadczyły trzęsienia ziemi o sile 9,5 (największego w historii) zaledwie 2 lata przed byciem gospodarzem Chile
49%
Miała maskotkę Mistrzostw Świata o imieniu Naranjito (oznaczająca małą pomarańczę) Hiszpania
41%
Jedyny gospodarz, który sam nie jest członkiem ONZ Anglia
32%
Nie znaleziono quizów pasujących do podanych kryteriów
Rozkład punktacji
Procent ludzi z każdym wynikiem
Percentyl według liczby udzielonych odpowiedzi
Twoja historia wyników
Nie rozwiązałeś tego quizu